|
|
|
|
| LEADER |
01623nam a2200289 a 4500 |
| 008 |
100321r2003 enka b 001 0 eng d |
| 020 |
|
|
|a 8175340452
|
| 040 |
|
|
|a CUL
|c CUL
|d DLC
|d BD-DhAAL
|
| 082 |
0 |
0 |
|a 346.4103
|2 22
|
| 100 |
1 |
|
|a Heuston, R. F. V.
|
| 245 |
1 |
0 |
|a Salmond and Heuston on the law of torts /
|b by R.F.V. Heuston and R.A. Buckley.
|
| 246 |
1 |
4 |
|a Salmond & Heuston on the law of torts
|
| 246 |
3 |
0 |
|a Law of torts
|
| 250 |
|
|
|a 23rd ed.
|
| 260 |
|
|
|a London :
|b Sweet & Maxwell ;
|a New Delhi :
|b Universal Law Publishing Co. Pvt. Ltd.,
|c 2003 [reprinted].
|
| 300 |
|
|
|a c, 604 p. :
|b ill. ;
|c 24 cm.
|
| 504 |
|
|
|a Includes bibliographical references and index.
|
| 541 |
1 |
|
|e 00012544
|
| 650 |
|
0 |
|a Torts
|z Great Britain.
|
| 700 |
1 |
|
|a Buckley, R. A.
|
| 700 |
1 |
|
|a Salmond, John William,
|c Sir,
|d 1862-1924.
|t Law of torts.
|
| 852 |
4 |
|
|a Ayesha Abed Library
|j General Shelf
|
| 999 |
|
|
|c 7815
|d 7815
|
| 952 |
|
|
|0 0
|1 0
|2 ddc
|4 0
|6 346_410300000000000_HEU
|7 0
|9 8693
|a BRACUL
|b BRACUL
|c GEN
|d 2010-03-21
|g 180.00
|l 12
|m 49
|o 346.4103 HEU
|p 3010012544
|r 2026-02-25
|s 2026-02-02
|t 1
|w 2010-03-21
|y BK
|
| 952 |
|
|
|0 0
|1 0
|2 ddc
|4 0
|6 346_410300000000000_HEU
|7 0
|9 8694
|a BRACUL
|b BRACUL
|c GEN
|d 2010-03-21
|l 10
|m 73
|o 346.4103 HEU
|p 3010012555
|r 2026-02-25
|s 2026-02-18
|t 2
|w 2010-03-21
|y BK
|x Price not available in Register
|
| 952 |
|
|
|0 0
|1 0
|2 ddc
|4 0
|6 346_410300000000000_HEU_2003
|7 0
|9 8695
|a BRACUL
|b BRACUL
|c GEN
|d 2010-03-21
|l 10
|m 22
|o 346.4103 HEU
|p 3010015241
|r 2025-03-02
|s 2025-02-24
|t 3
|w 2010-03-21
|y BK
|
| 952 |
|
|
|0 0
|1 0
|2 ddc
|4 0
|6 346_410300000000000_HEU_2003
|7 0
|9 8696
|a BRACUL
|b BRACUL
|c GEN
|d 2010-03-21
|l 5
|m 12
|o 346.4103 HEU
|p 3010015242
|r 2023-02-01
|s 2023-01-25
|t 4
|w 2010-03-21
|y BK
|